Invertim en esport : Àrea d'Esports Àrea d'Esports
Descripción Física:
[6] p. ; 21 cm
MARC
| LEADER | 00000nam a2200000Ia 4500 | ||
|---|---|---|---|
| 001 | 22167 | ||
| 008 | 160829s2009 xx 000 0 cat d | ||
| 080 | |a FU-49-77 | ||
| 245 | |a Invertim en esport : |b Àrea d'Esports | ||
| 260 | |a Barcelona : |b Diputació de Barcelona. Àrea d'Esports, |c 2009 | ||
| 300 | |a [6] p. ; |c 21 cm | ||
| 590 | |a Octubre 2009. | ||
| 590 | |a A la coberta: Més serveis per als ajuntaments, més benestar per a la ciutadania | ||
| 650 | 0 | |a Esports |z Barcelona (Catalunya : Província) |9 34361 | |
| 650 | |a Barcelona. Diputació. Àrea d'Esports | ||
| 710 | |a Barcelona (Catalunya : Província). |b Àrea d'Esports |9 53827 | ||
| 901 | |a Arxiu | ||
| 942 | |n 1 | ||
| 952 | |0 0 |1 0 |4 0 |6 FU4977 |7 1 |9 50140 |a Arxiu |b Arxiu |d 2016-12-01 |l 0 |o FU-49-77 |p 22167 |r 2016-12-01 00:00:00 |w 2016-12-01 |y ARXIU | ||
| 999 | |c 53982 |d 53982 | ||